FIFA World Cup Hosts and Winners - Statistics

General Stats
  • This quiz has been taken 39 times
  • The average score is 41 of 47
Answer Stats
Tournament Host % Correct
2018 Russia
97%
2014 Brazil
94%
2018 France
94%
2006 Germany
94%
2014 Germany
94%
2006 Italy
94%
2022 Qatar
94%
2010 South Africa
94%
2010 Spain
94%
2002 Brazil
91%
1966 England
91%
1998 France
91%
1998 France
91%
1934 Italy
91%
2002 Japan
91%
1970 Mexico
91%
South Korea
91%
1930 Uruguay
91%
1978 Argentina
88%
1986 Argentina
88%
1950 Brazil
88%
1958 Brazil
88%
1962 Brazil
88%
1970 Brazil
88%
1994 Brazil
88%
1966 England
88%
1938 France
88%
1982 Italy
88%
1994 United States
88%
1930 Uruguay
88%
1978 Argentina
85%
1990 Italy
85%
1934 Italy
85%
1938 Italy
85%
1986 Mexico
85%
1982 Spain
85%
1958 Sweden
85%
1974 West Germany
85%
1990 West Germany
85%
1950 Uruguay
82%
2026 Canada
79%
1962 Chile
79%
1954 West Germany
79%
Mexico
76%
United States
76%
1974 West Germany
76%
1954 Switzerland
73%
No matching quizzes found
Score Distribution
Percent of People with Each Score
Percentile by Number Answered
Your Score History
You have not taken this quiz